000 00697nam a2200265Ia 4500
008 170203s9999 xx 000 0 und d
020 _a1844433749
050 _a709.31
050 _b.An546e 2005
100 _aAnderson, Dale, 1953-
245 _aAncient China /
245 _cDale Anderson.
260 _aChicago, Illinois :
260 _bRaintree,
260 _c2005
300 _a48 p. :
300 _bcol. ill. ;
300 _c29 cm.
440 _aHistory in art.
500 _aIncludes bibliographical references (p. 47) and index.
650 _aArt, Chinese--
650 _aChina--Civilization--
650 _xJuvenile literature.
650 _xJuvenile literature.
999 _c305506
_d305506